[Event "POL-chT 2nd League"]
[Site "Jastrzebia Gora"]
[Date "2023.09.10"]
[Round "9.107"]
[White "Lewandowski, Marek"]
[Black "Rajlich, Vaclav"]
[Result "1/2-1/2"]
[WhiteElo "1743"]
[BlackElo "1596"]
[PlyCount "100"]
[EventDate "2023.09.02"]
[EventType "team-swiss"]
[EventRounds "9"]
[EventCountry "POL"]
[SourceTitle "EXT 2024"]
[Source "ChessBase"]
[SourceDate "2023.10.10"]
[SourceVersion "1"]
[SourceVersionDate "2023.10.10"]
[SourceQuality "1"]
[WhiteTeam "Torun UMK"]
[BlackTeam "Grodzisk Szachowa Dwojka"]
[WhiteTeamCountry "POL"]
[BlackTeamCountry "POL"]

1. e4 c5 2. Nc3 g6 3. g3 Bg7 4. Bg2 Nc6 5. Nge2 e6 6. d3 Nge7 7. 0-0 0-0 8. Bg5 h6 9. Be3 d6 10. Qd2 Kh7 11. Rae1 Qa5 12. a3 b5 13. Nd1 Qxd2 14. Bxd2 Bd7 15. Bc3 Bxc3 16. bxc3 b4 17. Ne3 bxc3 18. Nxc3 Nd4 19. Rb1 Bc6 20. Rb2 Rab8 21. Rfb1 Rxb2 22. Rxb2 Rd8 23. Kf1 Rd7 24. Ke1 Kg7 25. Kd2 Rb7 26. Rxb7 Bxb7 27. Nc4 d5 28. Na5 Ba8 29. Nb3 Nxb3+ 30. cxb3 Bc6 31. exd5 exd5 32. Ne2 Kf6 33. d4 cxd4 34. Nxd4 Ke5 35. Ke3 Nf5+ 36. Nxf5 Kxf5 37. Kd4 Ke6 38. Bh3+ Kd6 39. Bf1 a5 40. Bd3 Bb7 41. Bb5 f6 42. b4 axb4 43. axb4 Bc8 44. Bd3 g5 45. Be2 Bb7 46. Bg4 Ba6 47. Bf5 Bb7 48. b5 Ba8 49. Bc8 Kc7 50. Be6 Kd6 1/2-1/2